| 000 | 00367nam a2200121Ia 4500 | ||
|---|---|---|---|
| 008 | 220216s9999 xx 000 0 und d | ||
| 100 |
_aAlok Chattopadhyay _cet al |
||
| 245 | 0 | _aDevelopment of flame resistant rubber compounds for conveyor belt application | |
| 260 |
_bRubber Reporter _c1992 |
||
| 300 | _aP 105-9 | ||
| 650 | _aConveyor belt application | ||
| 942 | _cJS | ||
| 999 |
_c56997 _d56997 |
||